000 00370cam a2200157ua 4500
041 _aeng
_h
082 _a828.09
_bMAL/TH
100 _aMallik, B R .
245 _aTheory of poetry /
_cB R Mallik.
_hTextual Documents
250 _a2 /
_b.
260 _aNew Delhi :
_bS.Chand & Sons ,
_c1960.
300 _a92 ; .
504 _a
942 _cBK
999 _c2367
_d2367